[Event "EU-ch U12 31st"]
[Site "Mamaia"]
[Date "2023.09.11"]
[Round "6"]
[White "Gales, Randi Ioan"]
[Black "Matejka, Simon"]
[Result "1-0"]
[WhiteElo "1953"]
[BlackElo "1790"]
[PlyCount "51"]
[EventDate "2023.09.05"]
[EventType "swiss"]
[EventRounds "9"]
[EventCountry "ROU"]
[SourceTitle "EXT 2024"]
[Source "ChessBase"]
[SourceDate "2023.10.10"]
[SourceVersion "1"]
[SourceVersionDate "2023.10.10"]
[SourceQuality "1"]

1. d4 Nf6 2. c4 e6 3. Nc3 Bb4 4. e3 c5 5. Nge2 0-0 6. a3 Bxc3+ 7. Nxc3 d6 8. Bd3 Nc6 9. d5 exd5 10. cxd5 Ne5 11. Bc2 Re8 12. 0-0 a6 13. a4 Bg4 14. f3 Bh5 15. e4 h6 16. Qe1 Nfd7 17. Qg3 Qf6 18. f4 Nc4 19. e5 Qe7 20. Qh3 Bg6 21. f5 Bh7 22. f6 gxf6 23. Bxh7+ Kxh7 24. Qxh6+ Kg8 25. exf6 Nxf6 26. Rxf6 1-0

[Event "Piestany op-B"]
[Site "Piestany"]
[Date "2023.07.16"]
[Round "6"]
[White "Matejka, Simon"]
[Black "Janouskova, Adela"]
[Result "1/2-1/2"]
[WhiteElo "1731"]
[BlackElo "1511"]
[PlyCount "49"]
[EventDate "2023.07.11"]
[EventType "swiss"]
[EventRounds "9"]
[EventCountry "SVK"]
[SourceTitle "EXT 2024"]
[Source "ChessBase"]
[SourceDate "2023.10.10"]
[SourceVersion "1"]
[SourceVersionDate "2023.10.10"]
[SourceQuality "1"]

1. e4 c5 2. Nf3 Nc6 3. d4 cxd4 4. Nxd4 Nf6 5. f3 g6 6. c4 Bg7 7. Nb3 d6 8. Nc3 0-0 9. Be3 Be6 10. Be2 Ne5 11. Nd5 b6 12. 0-0 Rc8 13. Rc1 Nfd7 14. Qd2 Nc5 15. Nxc5 dxc5 16. Rfd1 Nc6 17. f4 Nd4 18. Kf2 Bxd5 19. cxd5 Nxe2 20. Qxe2 Qd7 21. Rc2 Rfd8 22. Bd2 Bd4+ 23. Be3 Bg7 24. Bd2 Bd4+ 25. Be3 1/2-1/2

[Event "SVK-ch U12"]
[Site "Dudince"]
[Date "2023.04.20"]
[Round "6"]
[White "Matejka, Simon"]
[Black "Livnansky, Michal"]
[Result "1-0"]
[WhiteElo "1671"]
[BlackElo "1409"]
[PlyCount "59"]
[EventDate "2023.04.16"]
[EventType "swiss"]
[EventRounds "9"]
[EventCountry "SVK"]
[SourceTitle "CBM 213 Extra"]
[Source "ChessBase"]
[SourceDate "2023.05.31"]
[SourceVersion "1"]
[SourceVersionDate "2023.05.31"]
[SourceQuality "1"]

1. d4 Nf6 2. c4 g6 3. Nc3 d5 4. e3 Bg7 5. cxd5 Nxd5 6. Nxd5 Qxd5 7. Ne2 0-0 8. Nc3 Qd7 9. Be2 c5 10. d5 b6 11. 0-0 Bb7 12. e4 h5 13. Be3 Na6 14. Bb5 Qc8 15. f4 Nc7 16. Bc4 Rd8 17. Qb3 Ne8 18. e5 Qg4 19. h3 Qf5 20. Bxc5 bxc5 21. Qxb7 Qc2 22. Rf2 Qf5 23. Qxe7 Bf8 24. Qg5 Qc8 25. f5 Be7 26. Qxe7 gxf5 27. Qg5+ Ng7 28. Raf1 Kh7 29. d6 Qd7 30. Nd5 1-0

[Event "SVK-ch U12"]
[Site "Dudince"]
[Date "2023.04.18"]
[Round "4"]
[White "Boros, David"]
[Black "Matejka, Simon"]
[Result "0-1"]
[WhiteElo "1326"]
[BlackElo "1671"]
[PlyCount "65"]
[EventDate "2023.04.16"]
[EventType "swiss"]
[EventRounds "9"]
[EventCountry "SVK"]
[SourceTitle "CBM 213 Extra"]
[Source "ChessBase"]
[SourceDate "2023.05.31"]
[SourceVersion "1"]
[SourceVersionDate "2023.05.31"]
[SourceQuality "1"]

1. e4 c5 2. Nf3 Nc6 3. d4 cxd4 4. Nxd4 g6 5. Nc3 Bg7 6. Be3 Nf6 7. Bc4 Qa5 8. Nb3 Qd8 9. f3 d6 10. Qd2 0-0 11. 0-0-0 Ne5 12. Be2 a6 13. h3 b5 14. f4 Nc4 15. Bxc4 bxc4 16. Nd4 Bb7 17. e5 dxe5 18. fxe5 Nd5 19. Nxd5 Qxd5 20. e6 fxe6 21. Qb4 a5 22. Qxe7 Rf7 23. Qg5 Qxg5 24. Bxg5 Bxg2 25. Rh2 Bd5 26. c3 Bf6 27. h4 Kg7 28. Re1 Re8 29. Bxf6+ Rxf6 30. h5 g5 31. Rg1 h6 32. Re1 e5 33. Kd2 0-1

[Event "SVK-ch U12"]
[Site "Dudince"]
[Date "2023.04.17"]
[Round "2"]
[White "Matejka, Simon"]
[Black "Jursa, Juraj"]
[Result "1-0"]
[WhiteElo "1671"]
[BlackElo "1351"]
[PlyCount "101"]
[EventDate "2023.04.16"]
[EventType "swiss"]
[EventRounds "9"]
[EventCountry "SVK"]
[SourceTitle "CBM 213 Extra"]
[Source "ChessBase"]
[SourceDate "2023.05.31"]
[SourceVersion "1"]
[SourceVersionDate "2023.05.31"]
[SourceQuality "1"]

1. d4 Nf6 2. Bf4 g6 3. e3 Bg7 4. Nf3 d5 5. Bd3 0-0 6. Nbd2 e6 7. h3 Nbd7 8. 0-0 b6 9. Re1 Bb7 10. c3 Rc8 11. Bh2 Qe7 12. Ne5 c5 13. f4 Nxe5 14. dxe5 Ne4 15. Nxe4 dxe4 16. Bc2 Rfd8 17. Qe2 Rd7 18. Bg3 Rcd8 19. Rad1 h5 20. Rxd7 Rxd7 21. Rd1 Qd8 22. c4 Rxd1+ 23. Qxd1 Qxd1+ 24. Bxd1 f6 25. h4 fxe5 26. fxe5 Kf7 27. Ba4 Bh6 28. Bf4 Bxf4 29. exf4 Ba6 30. Bb5 Bb7 31. g3 a6 32. Ba4 e3 33. Kf1 Bf3 34. Ke1 Ke7 35. a3 Kd8 36. Bc2 b5 37. cxb5 axb5 38. Bxg6 Bg4 39. Bc2 Ke7 40. Bd1 Bxd1 41. Kxd1 Kf7 42. Ke2 Kg6 43. Kxe3 Kf5 44. Kf3 Kg6 45. g4 hxg4+ 46. Kxg4 b4 47. axb4 cxb4 48. b3 Kf7 49. f5 Ke7 50. h5 exf5+ 51. Kxf5 1-0

[Event "SVK-chT U18"]
[Site "Radava"]
[Date "2022.11.22"]
[Round "2.1"]
[White "Kapec, Kristian"]
[Black "Matejka, Simon"]
[Result "1/2-1/2"]
[WhiteElo "1831"]
[BlackElo "1738"]
[PlyCount "71"]
[EventDate "2022.11.21"]
[EventType "team-swiss"]
[EventRounds "7"]
[EventCountry "SVK"]
[SourceTitle "CBM 211 Extra"]
[Source "ChessBase"]
[SourceDate "2023.01.31"]
[SourceVersion "1"]
[SourceVersionDate "2023.01.31"]
[SourceQuality "1"]
[WhiteTeam "Bardejov"]
[BlackTeam "Bratislava Doprastav II"]
[WhiteTeamCountry "SVK"]
[BlackTeamCountry "SVK"]

1. e4 e6 2. c4 c5 3. Nc3 Nc6 4. Nge2 b6 5. d3 Bd6 6. g3 Bb7 7. Bg2 Bb8 8. a3 Nce7 9. Bf4 Nf6 10. Bxb8 Qxb8 11. Qd2 h6 12. 0-0 d5 13. exd5 exd5 14. cxd5 Nfxd5 15. d4 Nxc3 16. Qxc3 Bxg2 17. Kxg2 Qb7+ 18. Qf3 Qxf3+ 19. Kxf3 cxd4 20. Nxd4 f6 21. Rac1 Rc8 22. Rxc8+ Nxc8 23. Rc1 Kd7 24. Rd1 g6 25. Nb5+ Kc6 26. a4 a6 27. Rc1+ Kd7 28. Nc7 Ne7 29. Nxa6 Ra8 30. Rd1+ Kc8 31. Rc1+ Kd7 32. Rd1+ Kc8 33. Re1 Kd7 34. Rd1+ Kc8 35. Rc1+ Kd7 36. Rd1+ 1/2-1/2

[Event "Bratislava Slovakia op"]
[Site "Bratislava"]
[Date "2022.10.02"]
[Round "9"]
[White "Bombek, Peter"]
[Black "Matejka, Simon"]
[Result "1-0"]
[WhiteElo "2092"]
[BlackElo "1738"]
[PlyCount "105"]
[EventDate "2022.09.30"]
[EventType "swiss (rapid)"]
[EventRounds "9"]
[EventCountry "SVK"]
[SourceTitle "CBM 210 Extra"]
[Source "ChessBase"]
[SourceDate "2022.11.30"]
[SourceVersion "1"]
[SourceVersionDate "2022.11.30"]
[SourceQuality "1"]

1. d4 d5 2. Nf3 Nf6 3. c4 e6 4. Nc3 c6 5. Bg5 Be7 6. e3 0-0 7. Be2 Nbd7 8. 0-0 Re8 9. Qc2 b6 10. cxd5 exd5 11. a3 a5 12. h3 Ba6 13. Bxa6 Rxa6 14. Rac1 Ra8 15. Bf4 Rc8 16. Rfe1 Nf8 17. Ne5 Ng6 18. Nxg6 fxg6 19. Na4 Ne4 20. Qd3 Bd6 21. Bxd6 Nxd6 22. Qa6 Nc4 23. b3 Nxa3 24. Nxb6 Rb8 25. Rxc6 Nc2 26. Rxc2 Qxb6 27. Qxb6 Rxb6 28. Rc5 Rd8 29. Ra1 Rxb3 30. Raxa5 Rf8 31. Rab5 Rxb5 32. Rxb5 Rd8 33. Rb7 h5 34. h4 Rd6 35. Kh2 Kh7 36. Re7 Kh6 37. Re5 Kh7 38. Kg3 Rd7 39. Kf3 Kg8 40. Ke2 Kf7 41. g3 Kf6 42. Kd3 Kf7 43. f3 Kg8 44. e4 dxe4+ 45. fxe4 Rf7 46. Ke3 Rf1 47. Re7 Ra1 48. d5 Ra3+ 49. Kf4 Kf8 50. Rc7 Ra4 51. d6 Ra6 52. Rc8+ Kf7 53. d7 1-0

[Event "Bratislava Slovakia op"]
[Site "Bratislava"]
[Date "2022.10.01"]
[Round "7"]
[White "Meszaros, Casey Ryan"]
[Black "Matejka, Simon"]
[Result "1-0"]
[WhiteElo "1874"]
[BlackElo "1738"]
[PlyCount "49"]
[EventDate "2022.09.30"]
[EventType "swiss (rapid)"]
[EventRounds "9"]
[EventCountry "SVK"]
[SourceTitle "CBM 210 Extra"]
[Source "ChessBase"]
[SourceDate "2022.11.30"]
[SourceVersion "1"]
[SourceVersionDate "2022.11.30"]
[SourceQuality "1"]

1. d4 d5 2. c4 e6 3. Nc3 Nf6 4. e3 Be7 5. Nf3 0-0 6. Bd3 c6 7. 0-0 Nbd7 8. Re1 a6 9. a4 Re8 10. e4 dxe4 11. Nxe4 Nxe4 12. Bxe4 Bd6 13. Bxh7+ Kxh7 14. Ng5+ Kg8 15. Qh5 Qf6 16. Qh7+ Kf8 17. Ne4 Qxd4 18. Bg5 f6 19. Rad1 Bxh2+ 20. Kxh2 Qe5+ 21. f4 Qf5 22. Qh8+ Ke7 23. Qxg7+ Kd8 24. Nxf6 Qa5 25. Rxd7+ 1-0

[Event "Bratislava Slovakia op"]
[Site "Bratislava"]
[Date "2022.09.30"]
[Round "2"]
[White "Matejka, Simon"]
[Black "Kukan, Michal"]
[Result "0-1"]
[WhiteElo "1738"]
[BlackElo "1767"]
[PlyCount "134"]
[EventDate "2022.09.30"]
[EventType "swiss (rapid)"]
[EventRounds "9"]
[EventCountry "SVK"]
[SourceTitle "CBM 210 Extra"]
[Source "ChessBase"]
[SourceDate "2022.11.30"]
[SourceVersion "1"]
[SourceVersionDate "2022.11.30"]
[SourceQuality "1"]

1. e4 e5 2. Nc3 Nf6 3. f4 Nc6 4. fxe5 Nxe5 5. d4 Ng6 6. Nf3 Bb4 7. Bd3 0-0 8. 0-0 b6 9. Bg5 Be7 10. e5 Ne8 11. Bxe7 Qxe7 12. Nd5 Qd8 13. Qd2 Bb7 14. Ne3 d6 15. Rad1 dxe5 16. dxe5 Qe7 17. Nf5 Qc5+ 18. Kh1 Nxe5 19. Nxe5 Qxe5 20. Qg5 Kh8 21. Qh4 Qf6 22. Qh3 Bc8 23. Qf3 Rb8 24. Qe4 Qg6 25. Qe7 Kg8 26. Qe4 Bxf5 27. Qxf5 Qxf5 28. Rxf5 Nd6 29. Rh5 g6 30. Re5 Rfe8 31. Rde1 Kf8 32. Kg1 Rxe5 33. Rxe5 Re8 34. Rd5 f6 35. Kf2 Ke7 36. c4 Ke6 37. Rd4 Ke5 38. Rh4 Re7 39. b4 Rd7 40. Ke2 c5 41. b5 f5 42. Ke3 Ne8 43. g3 Nf6 44. h3 Nh5 45. g4 f4+ 46. Kd2 Ng3 47. g5 Ne4+ 48. Ke2 Nxg5 49. Rg4 Nxh3 50. Rh4 Ng5 51. Rg4 f3+ 52. Kd2 h6 53. Ke3 Rd4 54. Rg1 f2 55. Rf1 Nh3 56. Rh1 g5 57. Be2 Re4+ 58. Kd3 g4 59. Kd2 Kf4 60. a4 Rd4+ 61. Kc3 h5 62. a5 Ke3 63. Bf1 Nf4 64. axb6 axb6 65. Rh4 Rd1 66. Rh1 Rxf1 67. Rxf1 Ke2 0-1

[Event "SVK-ch U10"]
[Site "Stara Lubovna"]
[Date "2022.05.26"]
[Round "7"]
[White "Matejka, Simon"]
[Black "Dlugos, Matej"]
[Result "1-0"]
[WhiteElo "1235"]
[BlackElo "1000"]
[PlyCount "105"]
[EventDate "2022.05.21"]
[EventType "swiss"]
[EventRounds "9"]
[EventCountry "SVK"]
[SourceTitle "CBM 208 Extra"]
[Source "ChessBase"]
[SourceDate "2022.07.31"]
[SourceVersion "1"]
[SourceVersionDate "2022.07.31"]
[SourceQuality "1"]

1. c4 e5 2. Nc3 Nf6 3. e3 Bb4 4. d4 exd4 5. exd4 d5 6. Nf3 Bg4 7. Be3 c6 8. Bd3 Nbd7 9. h3 Bxf3 10. Qxf3 Qa5 11. Bd2 0-0 12. 0-0 Rae8 13. a3 Bd6 14. b4 Qc7 15. cxd5 cxd5 16. Nxd5 Nxd5 17. Qxd5 Nf6 18. Qf5 Qc8 19. Bg5 Qxf5 20. Bxf5 Be7 21. Rfc1 Nd5 22. Bxe7 Rxe7 23. Rc5 Rd8 24. Rac1 g6 25. Bb1 Kg7 26. Ba2 Nb6 27. d5 Rd6 28. Rc7 Rxc7 29. Rxc7 Rd7 30. d6 Rxc7 31. dxc7 Kf6 32. Bd5 Ke7 33. Bxb7 Kd7 34. c8Q+ Nxc8 35. Bxc8+ Kxc8 36. Kh2 Kd7 37. Kg3 Ke6 38. Kf4 f5 39. Kg5 Kf7 40. Kh6 Kg8 41. b5 f4 42. a4 Kf7 43. a5 Ke7 44. Kxh7 g5 45. b6 axb6 46. a6 b5 47. a7 b4 48. a8Q b3 49. Qb7+ Kf8 50. Kg6 Ke8 51. Kf6 Kd8 52. Ke6 Ke8 53. Qa8# 1-0

[Event "SVK-ch U10"]
[Site "Stara Lubovna"]
[Date "2022.05.23"]
[Round "4"]
[White "Matejka, Simon"]
[Black "Sotnik, Simon"]
[Result "1-0"]
[WhiteElo "1235"]
[BlackElo "1038"]
[PlyCount "55"]
[EventDate "2022.05.21"]
[EventType "swiss"]
[EventRounds "9"]
[EventCountry "SVK"]
[SourceTitle "CBM 208 Extra"]
[Source "ChessBase"]
[SourceDate "2022.07.31"]
[SourceVersion "1"]
[SourceVersionDate "2022.07.31"]
[SourceQuality "1"]

1. d4 d5 2. c4 c6 3. Nf3 Nf6 4. Bf4 Bg4 5. h3 Bxf3 6. exf3 h6 7. Nc3 e6 8. c5 Nbd7 9. b4 b6 10. Ba6 Be7 11. Bb7 Rb8 12. Bxb8 Qxb8 13. Bxc6 bxc5 14. bxc5 0-0 15. Rb1 Qc7 16. Qa4 Rb8 17. Rxb8+ Nxb8 18. Bb5 e5 19. c6 a6 20. Bxa6 Nxc6 21. 0-0 Nxd4 22. Nb5 Nxb5 23. Bxb5 e4 24. Qa8+ Kh7 25. fxe4 dxe4 26. a4 Qe5 27. Re1 Bd6 28. g3 1-0